000 00340nam a2200133Ia 4500
008 230411s9999 xx 000 0 und d
041 _aeng
082 _aSO/301/CLE/B06886
100 _aClement I
_9119826
245 _aSociology for Nurses
260 _bPearson Education
_aNew Delhi
_c2012
300 _a310p
999 _c157144
_d157144